00389 a2200121 4500020001500000020001800015082001700033100001900050245010800069260004900177300002100226700002000247 a0521834414 a978052183441404a551.015320511 aMajda, Andrew.10aNonlinear dynamics and statistical theories for basic geophysical flows /cAndrew Majda, Xiaoming Wang. a[S.l.] :bCambridge University Press,c2006. a564 p. ;c25 cm.1 aWang, Xiaoming.